| 000 | 004400000a22001690004500 | ||
|---|---|---|---|
| 003 | MACL | ||
| 005 | 20150916102341.0 | ||
| 008 | 150916b xxu||||| |||| 00| 0 eng d | ||
| 040 |
_aMACL _cMACL |
||
| 041 | _aEnglish | ||
| 082 | _a823/KRI | ||
| 100 |
_aKrishnaswamy, D. _911364 |
||
| 245 | _aThe Story Of English In India | ||
| 260 |
_aNew Delhi _bFoundation Books Pvt, _c2006 |
||
| 650 |
_aEnglish Stories _910043 |
||
| 942 |
_cBK _k823/KIR _2ddc |
||
| 999 |
_c2171 _d2171 |
||